|
|
|
|
| LEADER |
01025cam a2200289 a 4500 |
| 001 |
c000299298 |
| 003 |
CARM |
| 005 |
20090603183037.0 |
| 008 |
820810s1982 at a 001 0 eng d |
| 019 |
1 |
|
|a 2294663
|5 LACONCORD2021
|
| 020 |
|
|
|a 0949843016 :
|c 5.95 Aust
|
| 035 |
|
|
|a (OCoLC)27621650
|5 LACONCORD2021
|
| 082 |
0 |
4 |
|a 641.5
|
| 100 |
1 |
|
|a Graham, Jill.
|
| 245 |
1 |
0 |
|a Oven bag cookbook.
|
| 250 |
|
|
|a 2nd rev. ed.
|
| 260 |
|
|
|a Sydney :
|b Heritage Publications,
|c 1982.
|
| 300 |
|
|
|a 96 p. :
|b col. ill. ;
|c 28 cm.
|
| 500 |
|
|
|a Cover title: Jill Graham's oven bag cookbook.
|
| 500 |
|
|
|a Food. Recipes (ANB/PRECIS SIN 0370142).
|
| 500 |
|
|
|a Includes index.
|
| 500 |
|
|
|a Previous ed.: Sydney : Hamlyn, 1971.
|
| 650 |
|
0 |
|a Cooking.
|
| 740 |
0 |
|
|a Jill Graham's oven bag cookbook.
|
| 852 |
8 |
|
|b CARM
|h A3:AF23C0
|i F06722
|p 0542001
|f BK
|
| 999 |
f |
f |
|i 3fd6ea5b-d846-5050-a80e-c580cdeb96a6
|s 73d2d562-44d8-5b05-9d0c-34e51a518950
|
| 952 |
f |
f |
|p Can circulate
|a CAVAL
|b CAVAL
|c CAVAL
|d CARM 1 Store
|e F06722
|f A3:AF23C0
|h Other scheme
|i book
|m 0542001
|